| Tag |
First Indicator |
Second Indicator |
Subfields |
| LEADER |
00000cam a2200000 a 4500 |
| 001 |
in00002000747 |
| 005 |
20151031123656.0 |
| 008 |
040630s2003 my a 001 0 eng |
| 010 |
|
|
|a 2004348335
|
| 020 |
|
|
|a 9679788962 (hard)
|
| 020 |
|
|
|a 9679788954 (pbk.)
|
| 035 |
|
|
|a (OCoLC)ocm56404658
|
| 037 |
|
|
|b Library of Congress -- Jakarta Overseas Office
|c M[dollar]68.00
|
| 040 |
|
|
|a DLC
|c DLC
|d WAU
|d UtOrBLW
|
| 042 |
|
|
|a lcode
|a pcc
|
| 043 |
|
|
|a a-my---
|
| 049 |
|
|
|a TXAM
|
| 050 |
|
4 |
|a HD38.25.M4
|b L56 2003
|
| 100 |
1 |
|
|a Lim, Peggy.
|
| 245 |
1 |
0 |
|a Transforming CEOs /
|c [written by Peggy Lim].
|
| 246 |
3 |
0 |
|a CEOs
|
| 246 |
3 |
|
|a Transforming chief executive officers
|
| 264 |
|
1 |
|a Kuala Lumpur, Malaysia :
|b TEC ;
|a Selangor, Malaysia :
|b Pelanduk Publications,
|c [2003]
|
| 300 |
|
|
|a 270 pages :
|b illustrations ;
|c 23 cm.
|
| 336 |
|
|
|a text
|b txt
|2 rdacontent
|
| 337 |
|
|
|a unmediated
|b n
|2 rdamedia
|
| 338 |
|
|
|a volume
|b nc
|2 rdacarrier
|
| 500 |
|
|
|a Includes index.
|
| 650 |
|
0 |
|a Chief executive officers
|z Malaysia
|v Case studies.
|
| 650 |
|
0 |
|a Businesspeople
|z Malaysia
|v Case studies.
|
| 650 |
|
0 |
|a Business enterprises
|z Malaysia
|v Case studies.
|
| 710 |
2 |
|
|a TEC (Firm)
|
| 710 |
2 |
|
|a Pelanduk Publications.
|
| 948 |
|
|
|a cataloged
|b h
|c 2004/10/18
|d c
|e bwalker
|f 10:55:11 am
|
| 994 |
|
|
|a C0
|b TXA
|
| 948 |
|
|
|a cataloged
|b h
|c 2004/12/17
|d c
|e bwalker
|f 11:00:47 am
|
| 999 |
|
|
|a MARS
|
| 999 |
f |
f |
|s e9080fbf-ad07-3b7a-a540-8eb9818decb1
|i 27978805-62ee-3b3e-a494-2740c111aa80
|t 0
|
| 952 |
f |
f |
|p ric
|a Texas A&M University
|b Rellis Campus
|c Joint Library Facility
|d Remote Storage
|t 0
|e HD38.25.M4 L56 2003
|h Library of Congress classification
|i unmediated -- volume
|m A14831356172
|
| 998 |
f |
f |
|a HD38.25.M4 L56 2003
|t 0
|l Remote Storage
|